Statistics for April Fools' Quiz: Multiple Choice

Click here to take the quiz!

General Stats

  • This quiz has been taken 157 times
    (43 since last reset)
  • The average score is 9 of 15

Answer Stats

QuestionAnswer% Correct
Who discovered the North American continent?Christopher Columbus
92%
What vegetable can help increase your vision?Carrots
87%
Who created the automobile?Henry Ford
84%
According to JetPunk, what continent does Cyprus belong to?Europe
82%
Which landmark is visible from space?Great Wall of China
82%
When was Jesus born?December 25th
76%
Which queen famously said "Let them eat cake?"Marie Antoinette
74%
What country was Barack Obama born in?Kenya
63%
Why do ostriches stick their heads in the sand?To hide in fear
55%
How long does it take for someone to be declared missing?24 hours
50%
How much of our brain do we use?10%
50%
How tall was Napoleon Bonaparte?4'9''
37%
What brand of food NEVER expires?Twinkies
34%
Who killed Tupac?Nobody. Tupac is still alive.
32%
Which American President has the highest IQ?Donald Trump
29%

Score Distribution

Percentile by Number Answered

Percent of People with Each Score

Your Score History

You have not taken this quiz since the last reset